000 01402nam a2200265 i 4500
003 DO-SdBNP
005 20250606111818.0
007 ta
008 250606b201u dr ao||| |||| 00| 0 spa d
040 _aDO-SdBNP
_bspa
_cBNPHU
_erda
082 _a380.1
_bC778g
_222
110 2 _aCoordinadora Latinoamericana y del Caribe de Pequeños (as) Productores (as) y Trabajadores (as) del Comercio Justo (CLAC)
_91238
245 1 0 _aGuía metodológica :
_bpara el programa de aprendizaje de gestión de Recursos Humanos para plantaciones certificadas Fairtrade /
264 1 _a[lugar no identificado] :
_bCLAC,
_c[fecha no especificada].
300 _a132 páginas :
_bilustraciones, fotografías
_c28 cm.
336 _atexto
_btxt
_2rdacontent
337 _asin mediación
_bn
_2rdamedia
338 _avolumen
_bnc
_2rdacarrier
504 _aBibliografía p: 133.
505 _tPresentación --
_tOrientaciones metodológicas para el uso de la guía --
_tFormación de Formadores (as) --
_tEl Trabajo Decente --
_tCondiciones Laborales --
_tEducación Financiera --
_gAnexo 1 --
_tMateriales preparados por quien facilita --
_gAnexo 2 --
_tCuestionarios de Aprendizaje --
_tReferencias bibliográficas, /
590 _aInventariado, 2025/ YL
856 4 0 _uhttps://www.unfpa.org/sites/default/files/portal-document/Dominican-Republic_UNDAF%202012-2016.pdf.pdf
910 _aYLockward
942 _2ddc
_cLBS1
999 _c59158
_d59158